| 000 | 00733nam a2200265Ia 4500 | ||
|---|---|---|---|
| 003 | OSt | ||
| 005 | 20221006144026.0 | ||
| 006 | a|||||r|||| 00| 0 | ||
| 007 | ta | ||
| 008 | 221006b |||||||| |||| 00| 0 eng d | ||
| 020 | _cP6.50 | ||
| 024 | _a10,669 | ||
| 037 | _cTextual | ||
| 040 |
_aEASL _cEASL _beng |
||
| 041 |
_2eng _aeng |
||
| 082 | _aW691xM21, L5 | ||
| 100 | _aRUBEL Maximilien | ||
| 245 | 0 |
_aMarx without Myth _b A chronological study of his life and work |
|
| 260 |
_aOxford _bBasil Blackwell _c1975 |
||
| 300 |
_a368p. _ccm. |
||
| 490 | _v Oth | ||
| 700 |
_a MANALE Margaret _9124899 |
||
| 942 |
_hW691xM21, L5 _cTEXL _2CC |
||
| 999 |
_c1078755 _d1078755 |
||